000
00299nam a2200121Ia 4500
008
190216s9999||||xx |||||||||||||| ||und||
100
_a
Richard Brinsley Sheridan
245
4
_a
The School For Scandal
260
_b
Surjeet Pubs.Delhi
_c
1994
300
_a
94p
650
_a
English Drama
942
_c
BK
999
_c
14107
_d
14107